000 00593nam a2200241Ia 4500
003 OSt
005 20220924152215.0
006 a|||||r|||| 00| 0
007 ta
008 220923b |||||||| |||| 00| 0 mar d
020 _c3.00
024 _a341526
037 _cTextual
040 _aARTS
_cARTS
_bmar
041 _2mar
_amar
082 _aO155,6N013,2, K2
100 _aBanhatti
_9226113
245 0 _aAkash lahari
260 _c1962
650 _aMARATHI LITERATURE
_938000
942 _hO155,6N013,2, K2
_cTEXL
_2CC
999 _c469089
_d469089